000 00452nam a2200181Ia 4500
001 4917
005 20260306145829.0
008 260306t2007||||xx |||||||||||||| ||spa||
041 _aESP
082 _a331.21
_bM51
100 _a[Miano Montero, Alejandro César]
_eAUT
245 0 _aSistema de remuneraciones para la industria de la construcción
260 _c2007
300 _a
_c
650 _aGEN
654 _aCAN
942 _cLIB
_dJUS
_fJUS
_2ddc
_n
999 _c4917
_d4917